书目信息 |
| 题名: |
计算机系统结构
|
|
| 作者: | 郑纬民 , 汤志忠 编著 | |
| 分册: | ||
| 出版信息: | 北京 清华大学出版社 1998.09 |
|
| 页数: | 731页 | |
| 开本: | 26cm | |
| 丛书名: | ||
| 单 册: | ||
| 中图分类: | TP303 | |
| 科图分类: | ||
| 主题词: | 电子计算机--系统结构--高等学校--教材 | |
| 电子资源: | ||
| ISBN: | 7-302-02900-8 | |
| 000 | 01034nam0 2200277 45 | |
| 001 | 012004015953 | |
| 005 | 20040831105759.0 | |
| 010 | @a7-302-02900-8@dCNY42.00 | |
| 100 | @a20041110d1998 em y0chiy50 ea | |
| 101 | 0 | @achi |
| 102 | @aCN@b110000 | |
| 105 | @ak j 000yy | |
| 200 | 1 | @a计算机系统结构@Aji suan ji xi tong jie gou@f郑纬民,汤志忠编著@Fzheng wei min,tang zhi zhong bian zhu |
| 205 | @a2版 | |
| 210 | @a北京@c清华大学出版社@d1998.09 | |
| 215 | @a731页@d26cm | |
| 300 | @a清华大学计算机系列教材 | |
| 330 | @a本书介绍了计算机系统结构的基本概念、数据表示、寻址技术、指令格式的优化设计、CSIC指令系统和RISC指令系统、存储系统原理等内容。 | |
| 333 | @a是计算机专业本科生“计算机系统结构”课程的通用教材,也可作为有关专业研究生的教材和有关科技工作者的专业参考书。 | |
| 606 | 0 | @a电子计算机@x系统结构@x高等学校@j教材 |
| 690 | @aTP303@v4 | |
| 701 | 0 | @a郑纬民@Azheng wei min@4编著 |
| 701 | 0 | @a汤志忠@Atang zhi zhong@4编著 |
| 801 | 0 | @aCN@bBZT@c20041110 |
| 905 | @aBZT@dTP303@e1@f10 | |
| 906 | @dCNY42.00@n0@r1 | |
| 计算机系统结构/郑纬民,汤志忠编著.-2版.-北京:清华大学出版社,1998.09 |
| 731页;26cm |
| 清华大学计算机系列教材.-使用对象:是计算机专业本科生“计算机系统结构”课程的通用教材,也可作为有关专业研究生的教材和有关科技工作者的专业参考书。 |
| ISBN 7-302-02900-8:CNY42.00 |
| 本书介绍了计算机系统结构的基本概念、数据表示、寻址技术、指令格式的优化设计、CSIC指令系统和RISC指令系统、存储系统原理等内容。 |
| ● |
| 相关链接 |
|
|
|
正题名:计算机系统结构
索取号:TP303/1
 
预约/预借
| 序号 | 登录号 | 条形码 | 馆藏地/架位号 | 状态 | 备注 |
| 1 | 0373112 | 200923395 | 样本书库/样007架A面4层2列/ [索取号:TP303/1] | 在馆 | |
| 2 | 0373113 | 200923368 | 中心书库中库/ 中库028架B面8列2层28/ [索取号:TP303/1] | 在馆 | |
| 3 | 0373114 | 200923377 | 中心书库中库/ 中库028架B面8列2层27/ [索取号:TP303/1] | 在馆 | |
| 4 | 0373115 | 200923340 | 中心书库中库/ 中库028架B面8列2层30/ [索取号:TP303/1] | 在馆 | |
| 5 | 0373116 | 200923359 | 中心书库中库/ 中库028架B面8列2层31/ [索取号:TP303/1] | 在馆 | |
| 6 | 0373117 | 200923322 | 中心书库中库/ 中库028架B面8列3层10/ [索取号:TP303/1] | 在馆 | |
| 7 | 0373118 | 200923331 | 中心书库中库/ 中库028架B面8列3层8/ [索取号:TP303/1] | 在馆 | |
| 8 | 0373119 | 200923304 | 中心书库中库/ 中库028架B面8列3层9/ [索取号:TP303/1] | 在馆 | |
| 9 | 0373120 | 200923313 | 中心书库中库/ 中库028架B面8列2层29/ [索取号:TP303/1] | 在馆 | |
| 10 | 0373121 | 200923288 | 中心书库中库/ 中库028架B面8列3层7/ [索取号:TP303/1] | 在馆 |